Stochastic versus deterministic systems of differential equations
Saved in:
| Main Author: | |
|---|---|
| Other Authors: | |
| Format: | Book |
| Language: | English |
| Published: |
New York :
Marcel Dekker,
c2004
|
| Series: | Monographs and textbooks in pure and applied mathematics ;
; 260 |
| Subjects: | |
| Tags: |
Add Tag
No Tags, Be the first to tag this record!
|
MARC
| LEADER | 00000nam a2200000 i 4500 | ||
|---|---|---|---|
| 001 | 1/92082 | ||
| 008 | 080820s2004 eng d | ||
| 020 | |a 0-8247-4697-X | ||
| 035 | |l 10099471 | ||
| 040 | |a GR-MY-UA |b gre |e aacr | ||
| 041 | 0 | |a eng | |
| 082 | 0 | |a 551.35 |2 (22) | |
| 100 | 1 | |a Ladde, G. S. | |
| 245 | 1 | 0 | |a Stochastic versus deterministic systems of differential equations / |c [G.S. Ladde, M. Sambandham] |
| 260 | |a New York : |b Marcel Dekker, |c c2004 | ||
| 300 | |a xv, 317 σ.; |b εικ.; |c 24 εκ. | ||
| 490 | 1 | |a Monographs and textbooks in pure and applied mathematics |v ; 260 | |
| 504 | |a Βιβλιογραφία: σ. 301-311 | ||
| 504 | |a Ευρετήριο: σ. 313-317 | ||
| 650 | 0 | 0 | |a Differential equations. |
| 650 | 0 | 0 | |a Equations, Simutaneous. |
| 650 | 0 | 0 | |a Stochastic differential equations. |
| 700 | 1 | |a Sambandham, M. | |
| 830 | 0 | |a Monographs and textbooks in pure and applied mathematics ; |v ; 260 | |
| 852 | |a INST |b LESVOS |e 20080820 |h 551.35 LAD |p 005100041998 |q 005100041998 |t BK |y 0 | ||
| 901 | |a BIBL1-2008-2 | ||
| 909 | |a Λ |b 145159 | ||
| 922 | |a 1ΕΛΗ |b 200801 |c ΕΠΕΑΕΚ2/ΤΕΘ |d ΕΛΕΥΘΕΡΟΥΔΑΚΗΣ | ||
| 970 | |a ΚΑΡΑ |b ΓΙΑΣΕΜΗ |z 2008/08/20 | ||